| 000 | 00587nam a2200193Ia 4500 | ||
|---|---|---|---|
| 008 | 131103s9999 xx 000 0 und d | ||
| 040 | _aLoreto College | ||
| 041 | _aEnglish | ||
| 082 |
_a843/VOL _bLCLIB/17934 |
||
| 245 |
_aVoltaire _b A collection of critical essays _cEdited by William F Bottiglia |
||
| 260 |
_aEnglewood _bPrentice - Hall _c1968 |
||
| 300 |
_axi,177p. _c 22 cm. |
||
| 504 | _aIncludes bibliographical references | ||
| 650 | _aVoltaire | ||
| 651 | _aFrench fiction - criticism | ||
| 700 | _aBottiglia, William F; ed. | ||
| 850 | _aLCLIB/843/VOL | ||
| 942 | _cBK | ||
| 999 |
_c24065 _d74544 |
||